|
|
|
|
| LEADER |
01802nam a2200469 i 4500 |
| 001 |
nkc20193098015 |
| 003 |
CZ PrNK |
| 005 |
20200611094408.0 |
| 007 |
ta |
| 008 |
190517s2019 xr ac e f 000 0 cze |
| 020 |
|
|
|a 978-80-7621-015-8
|q (brožováno)
|
| 040 |
|
|
|a ABA001
|b cze
|e rda
|
| 072 |
|
7 |
|a 614.84
|x Požáry. Ochrana před požáry
|2 Konspekt
|9 14
|
| 080 |
|
|
|a 614.84
|2 MRF
|
| 080 |
|
|
|a 654.924.5
|2 MRF
|
| 080 |
|
|
|a 543.574
|2 MRF
|
| 080 |
|
|
|a (036)
|2 MRF
|
| 245 |
0 |
0 |
|a Hlásiče požáru a detekce nebezpečných plynů /
|c autor: Česká asociace hasičských důstojníků, Hasičský záchranný sbor Olomouckého kraje
|
| 250 |
|
|
|a Vydání: 1.
|
| 264 |
|
1 |
|a Olomouc :
|b Olomoucký kraj,
|c 2019
|
| 300 |
|
|
|a 15 stran :
|b ilustrace (převážně barevné), portréty ;
|c 21 cm
|
| 336 |
|
|
|a text
|b txt
|2 rdacontent
|
| 336 |
|
|
|a statický obraz
|b sti
|2 rdacontent
|
| 337 |
|
|
|a bez média
|b n
|2 rdamedia
|
| 338 |
|
|
|a svazek
|b nc
|2 rdacarrier
|
| 500 |
|
|
|a Název z obálky
|
| 504 |
|
|
|a Obsahuje bibliografii
|
| 650 |
0 |
7 |
|a požární ochrana
|7 ph124487
|2 czenas
|
| 650 |
0 |
7 |
|a požární signalizační zařízení
|7 ph124488
|2 czenas
|
| 650 |
0 |
7 |
|a detekce plynů
|7 ph948075
|2 czenas
|
| 650 |
0 |
9 |
|a fire protection
|2 eczenas
|
| 650 |
0 |
9 |
|a fire signalling devices
|2 eczenas
|
| 650 |
0 |
9 |
|a gases detection
|2 eczenas
|
| 655 |
|
7 |
|a informační publikace
|7 fd132454
|2 czenas
|
| 655 |
|
9 |
|a information publications
|2 eczenas
|
| 710 |
2 |
|
|a Česká asociace hasičských důstojníků
|7 kv2010593241
|4 aut
|
| 710 |
1 |
|
|a Česko.
|b Hasičský záchranný sbor Olomouckého kraje
|7 ko2002113185
|4 aut
|
| 910 |
2 |
|
|a BOA001
|b 2-1436.466
|
| 990 |
|
|
|a BK
|
| 995 |
|
|
|a 11
|
| 991 |
|
|
|b 201911
|c NOV
|
| 996 |
6 |
|
|b 2610803509
|c 2-1436.466
|l MZK
|r Sklad / do 1 hodiny
|n 1
|p p.v.
|w 001765813
|u 000010
|a 1
|e BOA001
|j MZK50
|s P
|